[Event "Pleven Young Talents (Women)"]
[Site "Pleven"]
[Date "2019.03.26"]
[Round "6"]
[White "Dragomirescu, Angela"]
[Black "Bednikova, Stefka"]
[Result "1-0"]
[WhiteElo "2260"]
[BlackElo "2044"]
[PlyCount "105"]
[EventDate "2019.03.22"]
[EventType "tourn"]
[EventRounds "9"]
[EventCountry "BUL"]
[SourceTitle "CBM 189 Extra"]
[Source "ChessBase"]
[SourceDate "2019.06.03"]
[SourceVersion "1"]
[SourceVersionDate "2019.06.03"]
[SourceQuality "1"]

1. Nf3 Nf6 2. g3 g6 3. Bg2 Bg7 4. 0-0 0-0 5. d3 d5 6. c3 c5 7. a3 b6 8. Qc2 Bb7 9. Nbd2 Nc6 10. b4 e6 11. bxc5 bxc5 12. Rb1 Rb8 13. a4 Re8 14. Nb3 Nd7 15. Bg5 Bf6 16. Bxf6 Qxf6 17. Rb2 Ba6 18. Rfb1 c4 19. dxc4 Bxc4 20. Nbd4 Nxd4 21. cxd4 Rxb2 22. Rxb2 Rb8 23. Rxb8+ Nxb8 24. Ne5 Qf5 25. e4 Qh5 26. Bf3 Qg5 27. exd5 exd5 28. Nxc4 dxc4 29. Qxc4 Qf5 30. Kg2 Nd7 31. Qc8+ Kg7 32. Bc6 Nb6 33. Qxf5 gxf5 34. a5 Nc4 35. a6 Kf6 36. Kf3 Ke6 37. Kf4 h6 38. h4 Nd6 39. d5+ Kf6 40. f3 Nc4 41. Ba4 Nb6 42. Bb3 Nd7 43. Ba2 Nb6 44. g4 fxg4 45. fxg4 Nd7 46. d6 Nc5 47. Bc4 Nd7 48. g5+ hxg5+ 49. hxg5+ Kg7 50. Bd3 Kf8 51. Kf5 Nc5 52. Bc4 Ke8 53. Bb5+ 1-0

[Event "Pleven Young Talents (Women)"]
[Site "Pleven"]
[Date "2019.03.24"]
[Round "3"]
[White "Toncheva, Nadya"]
[Black "Bednikova, Stefka"]
[Result "1/2-1/2"]
[WhiteElo "1988"]
[BlackElo "2044"]
[PlyCount "44"]
[EventDate "2019.03.22"]
[EventType "tourn"]
[EventRounds "9"]
[EventCountry "BUL"]
[SourceTitle "CBM 189 Extra"]
[Source "ChessBase"]
[SourceDate "2019.06.03"]
[SourceVersion "1"]
[SourceVersionDate "2019.06.03"]
[SourceQuality "1"]

1. d4 d6 2. c4 e5 3. d5 Be7 4. Nc3 Bg5 5. e4 Bxc1 6. Rxc1 Ne7 7. Bd3 a5 8. Nge2 0-0 9. 0-0 Nd7 10. Bc2 f5 11. exf5 Nxf5 12. Ne4 Nc5 13. Nxc5 dxc5 14. Qd3 g6 15. Ng3 Qh4 16. Rce1 Qd4 17. b3 Nxg3 18. Qxg3 Rf4 19. Qg5 Bf5 20. Bxf5 Rxf5 21. Qg3 Raf8 22. Re2 R8f7 1/2-1/2

[Event "Pleven Young Talents (Women)"]
[Site "Pleven"]
[Date "2019.03.22"]
[Round "1"]
[White "Velickovski Nejkovic, Maja"]
[Black "Bednikova, Stefka"]
[Result "1/2-1/2"]
[WhiteElo "2144"]
[BlackElo "2044"]
[PlyCount "54"]
[EventDate "2019.03.22"]
[EventType "tourn"]
[EventRounds "9"]
[EventCountry "BUL"]
[SourceTitle "CBM 189 Extra"]
[Source "ChessBase"]
[SourceDate "2019.06.03"]
[SourceVersion "1"]
[SourceVersionDate "2019.06.03"]
[SourceQuality "1"]

1. c4 e5 2. Nc3 Nf6 3. Nf3 Nc6 4. g3 d5 5. cxd5 Nxd5 6. d3 Be7 7. Bg2 Nb6 8. 0-0 0-0 9. Be3 Re8 10. a4 a5 11. Bxb6 cxb6 12. Nd2 Be6 13. Nc4 f6 14. Ne3 Bc5 15. Bd5 Bxe3 16. Bxe6+ Rxe6 17. fxe3 Rd6 18. Qb3+ Kh8 19. Ne4 Rd5 20. Rac1 Rc8 21. Rc3 Nb4 22. Rfc1 Rc6 23. h4 h6 24. Kg2 f5 25. Rxc6 bxc6 26. Nc3 Rd6 27. Rf1 Qd7 1/2-1/2

[Event "BUL-ch (Women) 68th"]
[Site "Kozloduy"]
[Date "2019.03.04"]
[Round "7"]
[White "Bednikova, Stefka"]
[Black "Krasteva, Beloslava"]
[Result "0-1"]
[WhiteElo "2044"]
[BlackElo "2194"]
[PlyCount "58"]
[EventDate "2019.02.26"]
[EventType "tourn"]
[EventRounds "7"]
[EventCountry "BUL"]
[SourceTitle "CBM 189 Extra"]
[Source "ChessBase"]
[SourceDate "2019.06.03"]
[SourceVersion "1"]
[SourceVersionDate "2019.06.03"]
[SourceQuality "1"]

1. e4 c5 2. Nf3 d6 3. d4 cxd4 4. Nxd4 Nf6 5. Nc3 a6 6. Bc4 e6 7. Bb3 b5 8. 0-0 Be7 9. Qf3 Qc7 10. Re1 0-0 11. Qg3 Bd7 12. Nf5 exf5 13. Bh6 g6 14. exf5 Bxf5 15. Bxf8 Kxf8 16. Qf3 Ra7 17. Nd5 Nxd5 18. Qxd5 Bf6 19. Rad1 Be5 20. Rxe5 dxe5 21. Qd8+ Kg7 22. Qe8 Nc6 23. Bd5 Nb4 24. Bb3 Qe7 25. Qb8 Rb7 26. Qa8 Rd7 27. Re1 Bxc2 28. g3 Bxb3 29. axb3 Nd3 0-1

[Event "BUL-ch (Women) 68th"]
[Site "Kozloduy"]
[Date "2019.03.01"]
[Round "4"]
[White "Mehmed, Elif"]
[Black "Bednikova, Stefka"]
[Result "0-1"]
[WhiteElo "2111"]
[BlackElo "2044"]
[PlyCount "106"]
[EventDate "2019.02.26"]
[EventType "tourn"]
[EventRounds "7"]
[EventCountry "BUL"]
[SourceTitle "CBM 189 Extra"]
[Source "ChessBase"]
[SourceDate "2019.06.03"]
[SourceVersion "1"]
[SourceVersionDate "2019.06.03"]
[SourceQuality "1"]

1. e4 g6 2. d4 Bg7 3. Nf3 d6 4. Bd3 a6 5. c3 Nf6 6. 0-0 0-0 7. Re1 Bg4 8. Nbd2 Nc6 9. a4 e5 10. d5 Ne7 11. a5 Nh5 12. h3 Bd7 13. Nf1 h6 14. c4 Nf4 15. Bxf4 exf4 16. Qd2 g5 17. e5 dxe5 18. Nxe5 Bf5 19. Bxf5 Nxf5 20. Qd3 Qc8 21. Nd2 Rd8 22. Ndf3 c6 23. Rac1 Bf8 24. Ng4 Bg7 25. Nge5 Bf8 26. Nxf7 Kxf7 27. Re6 Ng7 28. Qh7 cxd5 29. Rce1 Qxe6 30. Rxe6 Kxe6 31. Qxh6+ Kd7 32. cxd5 Re8 33. Qxg5 Rad8 34. h4 Kc8 35. h5 Re7 36. h6 Ne8 37. Qg6 Nd6 38. Ng5 Bxh6 39. Qxh6 Nf5 40. Qf6 Rxd5 41. Nh3 Re4 42. Kh2 Kd7 43. Qg5 f3 44. Nf4 Rb5 45. g4 Ne7 46. Qf6 Rxa5 47. g5 Rf5 48. Qb6 Rfxf4 49. Qxb7+ Ke8 50. Qxa6 Rh4+ 51. Kg3 Nf5+ 52. Kxf3 Nd4+ 53. Kg2 Reg4+ 0-1

[Event "BUL-ch (Women) 68th"]
[Site "Kozloduy"]
[Date "2019.02.28"]
[Round "3"]
[White "Bednikova, Stefka"]
[Black "Radeva, Viktoria"]
[Result "0-1"]
[WhiteElo "2044"]
[BlackElo "2148"]
[PlyCount "124"]
[EventDate "2019.02.26"]
[EventType "tourn"]
[EventRounds "7"]
[EventCountry "BUL"]
[SourceTitle "CBM 189 Extra"]
[Source "ChessBase"]
[SourceDate "2019.06.03"]
[SourceVersion "1"]
[SourceVersionDate "2019.06.03"]
[SourceQuality "1"]

1. e4 e6 2. d4 d5 3. exd5 exd5 4. Bd3 Bd6 5. Qf3 Nc6 6. c3 Nf6 7. Bg5 Be7 8. Bxf6 Bxf6 9. Ne2 0-0 10. 0-0 Be6 11. Ng3 g6 12. Qe2 Re8 13. Qc2 Qd6 14. f4 Bg4 15. Na3 a6 16. Qf2 Bh4 17. Kh1 Ne7 18. Nc2 Bxg3 19. Qxg3 Bf5 20. Rae1 Qd7 21. Bxf5 Nxf5 22. Qd3 Nd6 23. Ne3 c6 24. f5 Re4 25. fxg6 hxg6 26. c4 Qe6 27. cxd5 cxd5 28. Nc2 Re8 29. Rxe4 dxe4 30. Qd2 Qxa2 31. Ne3 Nc4 32. Nxc4 Qxc4 33. Kg1 e3 34. Qc3 Qd5 35. Re1 Qe4 36. d5 Qxd5 37. Rxe3 Rxe3 38. Qxe3 Qd1+ 39. Kf2 Qc2+ 40. Qe2 Qxe2+ 41. Kxe2 f5 42. Kd3 Kg7 43. Kc4 g5 44. h3 Kg6 45. Kc5 f4 46. b4 Kh5 47. Kb6 Kh4 48. Kxb7 Kg3 49. Kxa6 Kxg2 50. b5 f3 51. b6 f2 52. b7 f1Q+ 53. Ka7 Qa1+ 54. Kb8 Kxh3 55. Kc8 Qc3+ 56. Kb8 g4 57. Ka8 Qa5+ 58. Kb8 g3 59. Kc8 Qc5+ 60. Kd7 Qd5+ 61. Kc8 Qc6+ 62. Kb8 g2 0-1

[Event "BUL-ch (Women) 62nd"]
[Site "Bankia"]
[Date "2013.04.19"]
[Round "3"]
[White "Bednikova, Stefka"]
[Black "Videnova, Iva"]
[Result "0-1"]
[WhiteElo "2058"]
[BlackElo "2329"]
[PlyCount "88"]
[EventDate "2013.04.17"]
[EventType "tourn"]
[EventRounds "9"]
[EventCountry "BUL"]
[SourceTitle "CBM 154 Extra"]
[Source "ChessBase"]
[SourceDate "2013.06.25"]
[SourceVersion "2"]
[SourceVersionDate "2013.06.25"]
[SourceQuality "1"]

1. e4 c5 2. Nf3 d6 3. Bb5+ Nd7 4. 0-0 Ngf6 5. Re1 a6 6. Bf1 Ne5 7. h3 Nxf3+ 8. Qxf3 e5 9. c3 Be7 10. d4 cxd4 11. cxd4 exd4 12. Qd3 Qb6 13. Nd2 Nd7 14. Nc4 Qc5 15. b4 Qc7 16. Bb2 b5 17. Na5 Ne5 18. Qg3 Bf6 19. Bxd4 0-0 20. Rac1 Qe7 21. Kh1 Bd7 22. Qc3 Bg5 23. Be3 Rfc8 24. Qd2 Bxe3 25. Qxe3 g5 26. f4 gxf4 27. Qxf4 Ng6 28. Rxc8+ Rxc8 29. Qd2 Qe5 30. Rd1 Be6 31. Nb7 Qf4 32. Qd4 Qe5 33. Qd2 Qf4 34. Qd4 Bxh3 35. Nxd6 Rc1 36. Ne8 Kf8 37. Rxc1 Qxc1 38. gxh3 Qxf1+ 39. Kh2 Qf4+ 40. Kg1 Kxe8 41. Qd5 Qg3+ 42. Kh1 Qxh3+ 43. Kg1 Qe6 44. Qa8+ Ke7 0-1

[Event "BUL-ch sf (Women) 62nd"]
[Site "Plovdiv"]
[Date "2013.02.15"]
[Round "6"]
[White "Bednikova, Stefka"]
[Black "Bureva, Radilena"]
[Result "1-0"]
[WhiteElo "2079"]
[BlackElo "1438"]
[PlyCount "85"]
[EventDate "2013.02.11"]
[EventType "tourn"]
[EventRounds "9"]
[EventCountry "BUL"]
[SourceTitle "CBM 152 Extra"]
[Source "ChessBase"]
[SourceDate "2013.02.25"]
[SourceVersion "1"]
[SourceVersionDate "2013.02.25"]
[SourceQuality "1"]

1. e4 e5 2. Nf3 Nf6 3. Nxe5 d6 4. Nf3 Nxe4 5. d4 d5 6. Bd3 Be7 7. Nc3 Nxc3 8. bxc3 Nc6 9. 0-0 Bg4 10. h3 Bh5 11. Bf4 0-0 12. Rb1 Rb8 13. Re1 Bd6 14. Bxh7+ Kxh7 15. Bxd6 cxd6 16. g4 Bg6 17. h4 Kg8 18. Ng5 Qd7 19. f4 Rbe8 20. f5 Bh7 21. Qf3 Rxe1+ 22. Rxe1 Ne7 23. h5 Re8 24. Qd3 Nc6 25. Rf1 Qe7 26. Nxh7 Kxh7 27. f6+ Qe4 28. fxg7 Qxd3 29. cxd3 Kxg7 30. g5 Re3 31. Kg2 Re2+ 32. Kg3 Rxa2 33. h6+ Kg6 34. Rf6+ Kxg5 35. h7 Kxf6 36. h8Q+ Kg6 37. Qf8 Re2 38. Qxd6+ Re6 39. Qxd5 a5 40. Qb5 Re7 41. d5 Ne5 42. d4 Nd7 43. d6 1-0

[Event "BUL-ch sf (Women) 62nd"]
[Site "Plovdiv"]
[Date "2013.02.14"]
[Round "5"]
[White "Vasileva, Cveta"]
[Black "Bednikova, Stefka"]
[Result "0-1"]
[WhiteElo "1578"]
[BlackElo "2079"]
[PlyCount "128"]
[EventDate "2013.02.11"]
[EventType "tourn"]
[EventRounds "9"]
[EventCountry "BUL"]
[SourceTitle "CBM 152 Extra"]
[Source "ChessBase"]
[SourceDate "2013.02.25"]
[SourceVersion "1"]
[SourceVersionDate "2013.02.25"]
[SourceQuality "1"]

1. d4 Nf6 2. c4 g6 3. Nc3 Bg7 4. e4 d6 5. Be2 0-0 6. Nf3 e5 7. dxe5 dxe5 8. Qxd8 Rxd8 9. Bg5 Re8 10. Rd1 h6 11. Bxf6 Bxf6 12. Nb5 Na6 13. h3 Be6 14. 0-0 Re7 15. Rd2 Nc5 16. Nc3 a5 17. Rfd1 c6 18. Rd8+ Re8 19. Rxe8+ Rxe8 20. a3 Nb3 21. Na4 Nd4 22. Nxd4 exd4 23. Nc5 Bc8 24. Bd3 b6 25. Nb3 c5 26. Nd2 Bb7 27. Kf1 Bg5 28. f3 Bc8 29. b3 h5 30. a4 Bf4 31. g4 hxg4 32. hxg4 Kg7 33. Kg2 Bxd2 34. Rxd2 f5 35. gxf5 gxf5 36. Re2 Kf6 37. Kg3 fxe4 38. fxe4 Ke5 39. Rh2 Rg8+ 40. Kf2 Bg4 41. Rh6 Rf8+ 42. Ke1 Rf3 43. Kd2 Rf6 44. Rh8 Rf2+ 45. Kc1 Kf4 46. Rf8+ Ke3 47. Rxf2 Kxf2 48. Kd2 Kf3 49. Be2+ Kf4 50. Bd3 Bf3 51. e5 Kxe5 52. Bg6 Be4 53. Bh5 Bb1 54. Be2 Ke4 55. Bh5 Kf4 56. Be2 Kg3 57. Bh5 Kf2 58. Bd1 d3 59. Bg4 Bc2 60. Bd7 Kf3 61. Bc6+ Kf4 62. Be8 Ke4 63. Bb5 Kd4 64. Be8 Bxb3 0-1

[Event "BUL-ch sf (Women) 62nd"]
[Site "Plovdiv"]
[Date "2013.02.13"]
[Round "4"]
[White "Bednikova, Stefka"]
[Black "Radeva, Viktoria"]
[Result "1-0"]
[WhiteElo "2079"]
[BlackElo "1762"]
[PlyCount "91"]
[EventDate "2013.02.11"]
[EventType "tourn"]
[EventRounds "9"]
[EventCountry "BUL"]
[SourceTitle "CBM 152 Extra"]
[Source "ChessBase"]
[SourceDate "2013.02.25"]
[SourceVersion "1"]
[SourceVersionDate "2013.02.25"]
[SourceQuality "1"]

1. e4 c6 2. Nc3 d5 3. Nf3 Bg4 4. h3 Bxf3 5. Qxf3 e6 6. d3 Nf6 7. Bd2 Be7 8. g4 Na6 9. a3 Nc7 10. Bg2 a5 11. 0-0 0-0 12. g5 dxe4 13. Qg3 Nfd5 14. Nxe4 Ne8 15. c4 Ndc7 16. Bc3 Nd6 17. Nf6+ Bxf6 18. gxf6 g6 19. Qg5 Nce8 20. Be4 Kh8 21. Kh1 Nxe4 22. dxe4 Qd3 23. f3 Qxc4 24. Bxa5 Qa6 25. Bb4 Rg8 26. Be7 Qb6 27. b4 Nc7 28. Bc5 Qb5 29. Qe5 Na6 30. Bd6 Qxe5 31. Bxe5 Rgd8 32. Rfd1 Rac8 33. Bd6 Nb8 34. Bc7 Rd7 35. Bxb8 Rxd1+ 36. Rxd1 Rxb8 37. Rd7 Kg8 38. a4 Kf8 39. a5 Ke8 40. Re7+ Kf8 41. Kg2 Kg8 42. Kf2 Kf8 43. Ke3 h6 44. Kd4 Kg8 45. Kc5 Kf8 46. Kb6 1-0

[Event "BUL-ch sf (Women) 62nd"]
[Site "Plovdiv"]
[Date "2013.02.11"]
[Round "1"]
[White "Bednikova, Stefka"]
[Black "Vasova, Mariya"]
[Result "1/2-1/2"]
[WhiteElo "2079"]
[BlackElo "1824"]
[PlyCount "82"]
[EventDate "2013.02.11"]
[EventType "tourn"]
[EventRounds "9"]
[EventCountry "BUL"]
[SourceTitle "CBM 152 Extra"]
[Source "ChessBase"]
[SourceDate "2013.02.25"]
[SourceVersion "1"]
[SourceVersionDate "2013.02.25"]
[SourceQuality "1"]

1. e4 d6 2. d4 Nf6 3. Nc3 g6 4. h3 Bg7 5. Be3 0-0 6. Nf3 c6 7. a4 d5 8. exd5 cxd5 9. Ne5 Be6 10. Be2 Nbd7 11. Bf4 Rc8 12. 0-0 Nxe5 13. Bxe5 Bf5 14. g4 Be6 15. Bf3 Qa5 16. Re1 Rfd8 17. Ne2 Bd7 18. c3 e6 19. Nf4 Rc4 20. b4 Qb6 21. Qd3 Rdc8 22. Rec1 Ne8 23. Bxg7 Kxg7 24. Qe3 Qc7 25. Ne2 Nf6 26. g5 Ng8 27. Bg2 Ne7 28. f4 Nf5 29. Qe5+ Qxe5 30. fxe5 Rh8 31. Nf4 Rhc8 32. Ne2 h6 33. gxh6+ Kxh6 34. Kf2 Kg7 35. Rh1 Rh8 36. Rhg1 Kf8 37. Ke1 Ne3 38. Kf2 Nf5 39. Rh1 Ke7 40. Ke1 Ne3 41. Kf2 Nf5 1/2-1/2

[Event "BUL-ch (Women) 59th"]
[Site "Dupnitsa"]
[Date "2010.04.17"]
[Round "11"]
[White "Bednikova, Stefka"]
[Black "Sirkova, Darena"]
[Result "1-0"]
[WhiteElo "2113"]
[BlackElo "2084"]
[PlyCount "73"]
[EventDate "2010.04.08"]
[EventType "tourn"]
[EventRounds "11"]
[EventCountry "BUL"]
[EventCategory "4"]
[SourceTitle "CBM 135 Extra"]
[Source "ChessBase"]
[SourceDate "2010.05.04"]
[SourceVersion "1"]
[SourceVersionDate "2010.05.04"]
[SourceQuality "1"]

1. e4 c5 2. Nf3 e6 3. g3 Nc6 4. Bg2 Nf6 5. Qe2 d5 6. e5 Nd7 7. 0-0 a6 8. d3 h6 9. h4 Be7 10. c4 d4 11. Nbd2 Qc7 12. Re1 b6 13. h5 Bb7 14. Rb1 0-0-0 15. Nf1 g6 16. hxg6 fxg6 17. Bd2 Bf8 18. a3 Bg7 19. b4 g5 20. bxc5 Nxc5 21. N1h2 Nd7 22. Ng4 Rhe8 23. Bb4 Nc5 24. Bxc5 bxc5 25. Nd2 h5 26. Nf6 Bxf6 27. exf6 g4 28. Ne4 Na5 29. Rb2 Rd7 30. Reb1 Qe5 31. Qd2 Nc6 32. Re1 Qf5 33. Qf4 Ne5 34. Nd6+ Rxd6 35. Bxb7+ Kd7 36. Qxe5 Qxd3 37. Bxa6 1-0

[Event "BUL-ch (Women) 59th"]
[Site "Dupnitsa"]
[Date "2010.04.12"]
[Round "5"]
[White "Voiska, Margarita"]
[Black "Bednikova, Stefka"]
[Result "1-0"]
[WhiteElo "2320"]
[BlackElo "2113"]
[PlyCount "86"]
[EventDate "2010.04.08"]
[EventType "tourn"]
[EventRounds "11"]
[EventCountry "BUL"]
[EventCategory "4"]
[SourceTitle "CBM 135 Extra"]
[Source "ChessBase"]
[SourceDate "2010.05.04"]
[SourceVersion "1"]
[SourceVersionDate "2010.05.04"]
[SourceQuality "1"]

1. d4 Nf6 2. Nf3 g6 3. g3 Bg7 4. Bg2 0-0 5. 0-0 d6 6. c4 a6 7. Nc3 Nc6 8. b3 Rb8 9. Nd5 Nh5 10. Bb2 Re8 11. Rc1 Bd7 12. Qd2 e5 13. dxe5 dxe5 14. Rfd1 Bg4 15. h3 Bxf3 16. Bxf3 Nf6 17. Bg2 Nh5 18. Qe1 Qc8 19. Kh2 f5 20. b4 h6 21. b5 Nd4 22. Ba3 Bf8 23. Bxf8 Kxf8 24. Qd2 Kg7 25. Qb2 c6 26. Nb6 Qc7 27. bxc6 bxc6 28. c5 Nf6 29. e3 Ne6 30. Rd6 e4 31. Rcd1 Kf7 32. Qc3 Re7 33. Bf1 Nd5 34. R6xd5 cxd5 35. Nxd5 Qxc5 36. Qf6+ Ke8 37. Qxg6+ Kf8 38. Qf6+ Ke8 39. Qg6+ Kf8 40. Qxh6+ Kf7 41. Qf6+ Ke8 42. Qg6+ Kf8 43. Nxe7 Qxe7 1-0

[Event "BUL-ch (Women) 59th"]
[Site "Dupnitsa"]
[Date "2010.04.11"]
[Round "4"]
[White "Bednikova, Stefka"]
[Black "Raeva, Elitsa"]
[Result "0-1"]
[WhiteElo "2113"]
[BlackElo "2238"]
[PlyCount "82"]
[EventDate "2010.04.08"]
[EventType "tourn"]
[EventRounds "11"]
[EventCountry "BUL"]
[EventCategory "4"]
[SourceTitle "CBM 135 Extra"]
[Source "ChessBase"]
[SourceDate "2010.05.04"]
[SourceVersion "1"]
[SourceVersionDate "2010.05.04"]
[SourceQuality "1"]

1. e4 c5 2. Nf3 d6 3. d4 cxd4 4. Nxd4 Nf6 5. Nc3 a6 6. Be2 e5 7. Nb3 Be7 8. 0-0 0-0 9. Kh1 b5 10. Be3 Bb7 11. f4 Nxe4 12. Nd5 Nd7 13. Nxe7+ Qxe7 14. Na5 exf4 15. Bxf4 Ndf6 16. Nxb7 Qxb7 17. Bd3 Qb6 18. Qf3 Rae8 19. a4 d5 20. axb5 axb5 21. Ra3 b4 22. Ra6 Qd4 23. g4 Nc5 24. Rc6 Nxd3 25. cxd3 Nd7 26. Rd6 Ne5 27. Bxe5 Qxe5 28. Rxd5 Qxb2 29. Rd7 Qb3 30. Qb7 Qe6 31. h3 b3 32. Rc7 h5 33. Qb4 Qd5+ 34. Kg1 Re2 35. Qb7 Qxd3 36. Qf3 Re3 37. Qf4 Rg3+ 38. Kh2 Rxh3+ 39. Kg2 hxg4 40. Qxg4 Rh6 41. Qf4 Qh3+ 0-1

[Event "Blagoevgrad Kirov Memorial 2nd"]
[Site "Blagoevgrad"]
[Date "2010.01.15"]
[Round "7"]
[White "Vasilev, Milen"]
[Black "Bednikova, Stefka"]
[Result "1-0"]
[WhiteElo "2466"]
[BlackElo "2094"]
[PlyCount "61"]
[EventDate "2010.01.11"]
[EventType "swiss"]
[EventRounds "9"]
[EventCountry "BUL"]
[SourceTitle "CBM 134 Extra"]
[Source "ChessBase"]
[SourceDate "2010.03.03"]
[SourceVersion "1"]
[SourceVersionDate "2010.03.03"]
[SourceQuality "1"]

1. d4 g6 2. Nf3 Nf6 3. g3 Bg7 4. Bg2 0-0 5. 0-0 d6 6. c4 Nc6 7. b3 a6 8. Bb2 Rb8 9. d5 Na5 10. Bc3 c5 11. Qe1 b6 12. e4 Nd7 13. Bxg7 Kxg7 14. e5 f6 15. e6 Ne5 16. Qc3 Nxf3+ 17. Bxf3 b5 18. Nd2 Qc7 19. g4 Kg8 20. h4 Bb7 21. Kg2 Ba8 22. h5 bxc4 23. hxg6 cxb3 24. axb3 Rb4 25. Qe3 Bxd5 26. Bxd5 Rxg4+ 27. Kf3 Rg5 28. Rg1 Rf5+ 29. Ke2 Re5 30. Be4 Nc6 31. gxh7+ 1-0

[Event "Blagoevgrad Kirov Memorial 2nd"]
[Site "Blagoevgrad"]
[Date "2010.01.14"]
[Round "6"]
[White "Bednikova, Stefka"]
[Black "Nikolova, Adriana"]
[Result "1-0"]
[WhiteElo "2094"]
[BlackElo "2336"]
[PlyCount "147"]
[EventDate "2010.01.11"]
[EventType "swiss"]
[EventRounds "9"]
[EventCountry "BUL"]
[SourceTitle "CBM 134 Extra"]
[Source "ChessBase"]
[SourceDate "2010.03.03"]
[SourceVersion "1"]
[SourceVersionDate "2010.03.03"]
[SourceQuality "1"]

1. e4 c5 2. Nf3 Nc6 3. d4 cxd4 4. Nxd4 Nf6 5. Nc3 d6 6. Bc4 Qb6 7. Nb3 e6 8. Be3 Qc7 9. Be2 Be7 10. a4 0-0 11. f4 Nb4 12. Bf3 d5 13. e5 Ne4 14. Bxe4 dxe4 15. 0-0 b6 16. Rf2 Rd8 17. Qg4 Bb7 18. Rd1 Rxd1+ 19. Qxd1 Rd8 20. Rd2 Nd5 21. Nxd5 Bxd5 22. Nd4 Bb4 23. c3 Bc5 24. b3 Bb7 25. b4 Bxd4 26. Rxd4 Rxd4 27. Qxd4 Bd5 28. a5 bxa5 29. bxa5 Qxa5 30. Qxa7 Qd8 31. Qb6 Qa8 32. Qa7 Qe8 33. Qa6 h5 34. h3 Qd7 35. Qd6 Qa4 36. Kh2 Qc2 37. Qd8+ Kh7 38. Qh4 Qe2 39. Qf2 Qd3 40. Qd2 Qb5 41. Qd1 g6 42. Qe1 Bc4 43. Qh4 Qd7 44. Qf6 Be2 45. Bc5 Kg8 46. Bd4 Qb7 47. f5 gxf5 48. Be3 f4 49. Bxf4 Kf8 50. Qd8+ Kg7 51. Bg5 f6 52. Bxf6+ Kf7 53. Qh8 Ba6 54. Qxh5+ Kf8 55. Qh8+ Kf7 56. Qg7+ Ke8 57. Qg8+ Kd7 58. Qd8+ Kc6 59. Qd6+ Kb5 60. Qb4+ Kc6 61. Qxe4+ Kc7 62. Qh7+ Kc6 63. Qxb7+ Bxb7 64. h4 Kd5 65. h5 Kc4 66. Kg3 Be4 67. Kf4 Bc2 68. g4 Kxc3 69. g5 Kd2 70. g6 Ke2 71. Kg5 Kf3 72. h6 Kg3 73. h7 Bf5 74. h8Q 1-0